[Event "Washington Open--Open Section"]
[Site "Lynnwood, WA"]
[Date "2017.05.29"]
[Round "6"]
[White "Mukumbya  (WA), Benjamin"]
[Black "Bishop  (WA), Alan"]
[Result "1-0"]
[WhiteElo "1958"]
[BlackElo "2038"]
[Annotator "Murlin"]
[PlyCount "101"]
[EventDate "2017.06.02"]
[SourceDate "2017.07.25"]
[SourceVersionDate "2017.07.25"]

1. d4 d6 2. c4 e5 3. e4 exd4 4. Qxd4 Nc6 5. Qe3 Nf6 6. Ne2 g6 7. Bd2 Bg7 8. f3
O-O 9. Nbc3 Re8 10. h4 Nb4 11. O-O-O a5 12. g4 Bxg4 13. fxg4 Nxg4 14. Qg3 Nf2
15. Bg2 Nbd3+ 16. Kc2 Nxh1 17. Rxh1 Ne5 18. h5 Qd7 19. Bh6 Bxh6 20. hxg6 Bg7
21. Bh3 Qc6 22. gxh7+ Kh8 23. Rg1 Ng6 24. Nf4 Be5 25. Nxg6+ fxg6 26. Qxg6 Qxc4
27. Bf1 Qe6 28. Qxe6 Rxe6 29. Bc4 Ree8 30. Nd5 Rf8 31. Nxc7 Rac8 32. Kb3 Kxh7
33. Rh1+ Kg6 34. Rg1+ Kh6 35. Rh1+ Kg6 36. Rg1+ Kh5 37. Rh1+ Kg4 38. Be6+ Kf3
39. Bxc8 Rxc8 40. Rh7 Kxe4 41. Ka4 b6 42. Kb5 Z0 {don't know what this move is.
on the scoresheet it repeated move 40.  nothing seems missing...} 43. b3 Bd4
44. a4 Rg8 45. Kc4 Be5 46. Rh4+ Kf5 47. Nd5 Rc8+ 48. Kd3 Ke6 49. Ke4 Rc6 50.
Rh7 Bf6 51. Rh5 1-0

[Event "Washington Open--Open Section"]
[Site "Lynnwood, WA"]
[Date "2017.05.29"]
[Round "6"]
[White "Dixon  (WA), Dakota"]
[Black "Breckenridge  (OR), Steven"]
[Result "0-1"]
[WhiteElo "2176"]
[BlackElo "2337"]
[Annotator "Murlin"]
[PlyCount "124"]
[EventDate "2017.06.02"]
[SourceDate "2017.07.26"]
[SourceVersionDate "2017.07.26"]

1. d4 Nf6 2. c4 g6 3. Nc3 Bg7 4. e4 d6 5. Nf3 O-O 6. Be2 e5 7. O-O Nc6 8. d5
Ne7 9. Ne1 Nd7 10. Nd3 f5 11. Bd2 Nf6 12. f3 c6 13. dxc6 Nxc6 14. Be3 Be6 15.
b3 a6 16. Nf2 f4 17. Bc1 Nd4 18. Nd5 Bxd5 19. cxd5 Rc8 20. Bd3 Qb6 21. Bb2 g5
22. Bxd4 Qxd4 23. Qe2 h5 24. h3 Rc3 25. Rad1 Qc5 26. Rd2 Rc8 27. Kh2 Bh6 28.
Nd1 Rc1 29. Nb2 Rxf1 30. Qxf1 Qa5 31. Qd1 g4 32. Nc4 Qd8 33. Rc2 Rc7 34. Nb2
Rg7 35. Qc1 Kh7 36. Rc8 Qb6 37. Nc4 Qf2 38. Qf1 Qg3+ 39. Kh1 Rd7 40. Be2 b5 41.
Nb2 gxh3 42. gxh3 h4 43. Rc2 Nh5 44. Nd3 Qg7 45. Kh2 Ng3 46. Qg2 Rc7 47. Bd1
Rxc2 48. Bxc2 Qc7 49. Qf2 Qc3 50. Ne1 Bg5 51. Bd3 Bd8 52. Bf1 Qe3 53. Kg2 Bb6
54. Nd3 Nxf1 55. Qxf1 (55. Qxh4+ {draws}) 55... Qd2+ 56. Kh1 Qxa2 57. Qd1 a5
58. Nxe5 dxe5 59. d6 Qf2 60. d7 Qg3 61. Qf1 a4 62. bxa4 bxa4 0-1

[Event "Washington Open--Open Section"]
[Site "Lynnwood, WA"]
[Date "2017.05.29"]
[Round "6"]
[White "Reeves  (WA), Jasen"]
[Black "Lopez  (WA), Francisco"]
[Result "1-0"]
[WhiteElo "1615"]
[BlackElo "1720"]
[PlyCount "125"]
[EventDate "2017.06.02"]
[SourceDate "2017.07.26"]
[SourceVersionDate "2017.07.26"]

1. d4 f5 2. c4 Nf6 3. Nc3 e6 4. Bg5 d5 5. cxd5 exd5 6. Bxf6 Qxf6 7. Nxd5 Qd6 8.
Nc3 Be7 9. e3 O-O 10. Bc4+ Kh8 11. Nf3 Nc6 12. O-O a6 13. Rc1 b5 14. Bb3 Bb7
15. Nd5 Bd8 16. Nf4 g5 17. Ne6 Rf6 18. Nfxg5 Na5 19. Nxd8 Rxd8 20. Nf7+ Rxf7
21. Bxf7 Qe7 22. Bh5 Nc4 23. Bf3 Bc8 24. b3 Nd6 25. Qc2 Rd7 26. Rfe1 Ne4 27.
Bxe4 fxe4 28. Qc5 Qf7 29. Qe5+ Kg8 30. Rc6 Re7 31. Qg5+ Kh8 32. Qf6+ Qxf6 33.
Rxf6 Kg7 34. Rc6 Bb7 35. Rc5 Kf6 36. Rec1 c6 37. Rxc6+ Bxc6 38. Rxc6+ Kf7 39.
Rxa6 Rc7 40. g3 Rc2 41. Rb6 Rxa2 42. Rxb5 Rb2 43. Rb8 Ke7 44. Rb7+ Ke6 45. Rxh7
Rxb3 46. h4 Rb5 47. g4 Kf6 48. Kg2 Rd5 49. Kg3 Ra5 50. g5+ Kg6 51. Rh6+ Kg7 52.
Kf4 Ra2 53. Kxe4 Rxf2 54. Ke5 Rf8 55. d5 Re8+ 56. Kd4 Ra8 57. e4 Ra4+ 58. Ke5
Ra5 59. Ke6 Ra8 60. e5 Ra4 61. d6 Rd4 62. d7 Rd3 63. Ke7 1-0

[Event "Washington Open--Reserve Section"]
[Site "Lynnwood, WA"]
[Date "2017.05.29"]
[Round "6"]
[White "Anthony  (WA), Ralph"]
[Black "Szeto  (WA), Sophie"]
[Result "1-0"]
[WhiteElo "1723"]
[BlackElo "1320"]
[PlyCount "165"]
[EventDate "2017.06.02"]
[SourceDate "2017.07.26"]
[SourceVersionDate "2017.07.26"]

1. e4 c5 2. Nf3 d6 3. d4 cxd4 4. Nxd4 Nf6 5. f3 g6 6. c4 Bg7 7. Nc3 O-O 8. Be3
Nc6 9. Qd2 Bd7 10. Be2 Rc8 11. O-O Ne5 12. b3 Nc6 13. Rac1 Re8 14. Rfd1 a6 15.
Kh1 Qc7 16. Nd5 Qd8 17. Nb5 Nxd5 18. exd5 axb5 19. dxc6 bxc6 20. cxb5 cxb5 21.
Qd5 Rb8 22. Rc2 Bf5 23. Rc6 Bd7 24. Ra6 Qc8 25. Ra7 Be6 26. Qd2 Rb7 27. Rc1 Qb8
28. Qa5 Rxa7 29. Qxa7 Qxa7 30. Bxa7 b4 31. Rc7 Bf6 32. Rb7 Ra8 33. Bb5 Rc8 34.
Rb8 Rxb8 35. Bxb8 Bf5 36. Ba7 Bb1 37. Be2 Bxa2 38. Bd1 Bb1 39. Bb6 Bc3 40. Kg1
Kg7 41. Kf2 Kf6 42. Ke3 e5 43. f4 Kf5 44. fxe5 dxe5 45. h3 h5 46. Bc5 Be4 47.
g4+ hxg4 48. hxg4+ Kg5 49. Kxe4 f5+ 50. gxf5 gxf5+ 51. Kf3 e4+ 52. Ke3 Kf6 53.
Bd4+ Bxd4+ 54. Kxd4 Kg5 55. Ke3 Kf6 56. Kf4 Ke6 57. Bh5 Kd5 58. Kxf5 Kd4 59.
Kf4 e3 60. Bd1 Kd3 61. Kf3 Kd2 62. Be2 Kc2 63. Bc4 Kd2 64. Ke4 e2 65. Bxe2 Kxe2
66. Kd4 Kd2 67. Kc4 Ke3 68. Kxb4 Kd4 69. Kb5 Kd5 70. Kb6 Kd6 71. b4 Kd7 72. b5
Kc8 73. Ka7 Kc7 74. b6+ Kc8 75. b7+ Kc7 76. b8=Q+ Kc6 77. Qe5 Kd7 78. Qf6 Ke8
79. Qg6+ Kd8 80. Qf7 Kc8 81. Kb6 Kd8 82. Kc6 Kc8 83. Qe8# 1-0

[Event "Washington Open--Reserve Section"]
[Site "Lynnwood, WA"]
[Date "2017.05.27"]
[Round "1"]
[White "Lewis-Sandy  (WA), Joshua"]
[Black "Lai  (WA), James"]
[Result "1-0"]
[WhiteElo "1783"]
[BlackElo "1545"]
[PlyCount "37"]
[EventDate "2017.06.02"]
[SourceDate "2017.07.26"]
[SourceVersionDate "2017.07.26"]

1. e4 e6 2. d4 d5 3. Nd2 dxe4 4. Nxe4 Nd7 5. Nf3 Ngf6 6. Bd3 b6 7. O-O Bb7 8.
Re1 c5 9. Nxf6+ Nxf6 10. Bb5+ Nd7 11. Ne5 Bc8 12. Qf3 f6 13. Qh5+ g6 14. Nxg6
hxg6 15. Qxh8 Qe7 16. Bh6 Kf7 17. Qh7+ Ke8 18. Qg8 e5 19. dxe5 1-0

[Event "Washington Open--Reserve Section"]
[Site "Lynnwood, WA"]
[Date "2017.05.28"]
[Round "4"]
[White "Shubin  (WA), Daniel"]
[Black "Kurungod Anoop  (WA), Pranav"]
[Result "1-0"]
[WhiteElo "1771"]
[BlackElo "1381"]
[PlyCount "127"]
[EventDate "2017.06.02"]
[SourceDate "2017.07.26"]
[SourceVersionDate "2017.07.26"]

1. e4 e5 2. Nf3 Nc6 3. Bc4 Bc5 4. c3 Nf6 5. d4 exd4 6. cxd4 Bb4+ 7. Nc3 O-O 8.
Bg5 h6 9. Bxf6 Qxf6 10. O-O d6 11. Nd5 Qd8 12. Nxb4 Nxb4 13. Qb3 Nc6 14. Be2
Bg4 15. Rad1 Qf6 16. d5 Bxf3 17. Bxf3 Nd4 18. Qe3 Nxf3+ 19. Qxf3 Qxf3 20. gxf3
Rfe8 21. Rc1 Rac8 22. Rc4 Re7 23. Rfc1 Kf8 24. Kf1 Ke8 25. Ke2 Kd7 26. Kd3 f6
27. f4 Ree8 28. f5 Re7 29. b4 Ke8 30. b5 Kd7 31. a4 b6 32. Rc6 Ree8 33. Ke3 Re7
34. Kf4 Ree8 35. f3 Re7 36. Kg4 Ree8 37. Kh5 Re7 38. a5 Ree8 39. Kg6 Re7 40.
axb6 axb6 41. Ra1 Kd8 42. Ra7 Ke8 43. h3 Kd8 44. Rc1 Kd7 45. Rca1 Ree8 46. R1a6
Rb8 47. Ra1 Rbc8 48. Rb7 Re7 49. Raa7 Kd8 50. Ra6 Re8 51. Rba7 Rb8 52. Ra8 Kd7
53. Rxb8 Rxb8 54. Kxg7 Ke7 55. Ra7 Kd7 56. Kxf6 Rg8 57. Kf7 Rg3 58. f6 Rxf3 59.
Ra8 Rxh3 60. Re8 Rg3 61. Re7+ Kd8 62. e5 dxe5 63. Ke6 e4 64. Rg7 1-0

[Event "Washington Open--Booster Section"]
[Site "Lynnwood, WA"]
[Date "2017.05.29"]
[Round "5"]
[White "Lewis  (WA), Sam"]
[Black "Keyser  (WA), Harrison"]
[Result "0-1"]
[WhiteElo "1171"]
[BlackElo "1159"]
[PlyCount "120"]
[EventDate "2017.06.02"]
[SourceDate "2017.07.26"]
[SourceVersionDate "2017.07.26"]

1. d4 Nf6 2. c4 g6 3. Nf3 Bg7 4. Nc3 d5 5. e3 O-O 6. Be2 Bg4 7. c5 c6 8. O-O
Nbd7 9. b4 Re8 10. Bb2 Qc7 11. Nd2 Bxe2 12. Nxe2 e5 13. Ng3 h5 14. h3 e4 15. f4
exf3 16. Qxf3 h4 17. Nh1 Bh6 18. Rae1 Re7 19. Nf2 Qg3 20. Nd1 Ne4 21. Nxe4 Qxf3
22. Rxf3 dxe4 23. Rf2 f5 24. Nc3 Nf6 25. Rd2 Nd5 26. Nxd5 cxd5 27. Kf2 f4 28.
Rde2 fxe3+ 29. Kg1 Rf8 30. Bc1 Rf2 31. a4 Ref7 32. Bxe3 Bxe3 33. Rxe3 Rd2 34.
Rf1 Rxf1+ 35. Kxf1 Rxd4 36. b5 Rc4 37. b6 axb6 38. cxb6 Rxa4 39. Rc3 Ra1+ 40.
Ke2 Ra2+ 41. Kf1 d4 42. Rc8+ Kg7 43. Rc7+ Kf6 44. Rxb7 Rb2 45. Rb8 Ke7 46. b7
d3 47. Rh8 Rb1+ 48. Kf2 d2 49. b8=Q Rxb8 50. Rh7+ Ke6 51. Ke2 e3 52. Rxh4 Ke5
53. Rh7 Rd8 54. Re7+ Kf6 55. Rxe3 d1=Q+ 56. Kf2 Kg7 57. g4 Rd2+ 58. Kg3 Rd3 59.
g5 Rxe3+ 60. Kh4 Qd4# 0-1

[Event "Washington Open--Reserve Section"]
[Site "Lynnwood WA"]
[Date "2017.05.27"]
[Round "2"]
[White "Lumala  (WA), Tendo"]
[Black "Menkov  (WA), Artjom"]
[Result "1-0"]
[WhiteElo "1535"]
[BlackElo "1613"]
[PlyCount "81"]
[EventDate "2016.05.28"]
[EventType "game"]
[EventRounds "6"]
[EventCountry "USA"]
[SourceDate "2009.01.01"]
[SourceVersion "1"]
[SourceVersionDate "2009.01.01"]
[SourceQuality "1"]

1. e4 c5 2. Nf3 Nc6 3. d4 cxd4 4. Nxd4 Nf6 5. Nc3 e5 6. Ndb5 d6 7. Na3 Be6 8.
Bd3 Be7 9. Be3 d5 10. exd5 Nxd5 11. Nxd5 Bxd5 12. O-O O-O 13. Nb5 e4 14. Be2 f5
15. Bf4 Rc8 16. Nd6 Be6 17. Nxc8 Qxc8 18. c3 g5 19. Be3 f4 20. Bd4 Rd8 21. Qa4
Nxd4 22. cxd4 Bd5 23. Rac1 Qf5 24. Bc4 Bxc4 25. Qxc4+ Kf8 26. Qc7 f3 27. gxf3
exf3 28. Rfe1 Qg4+ 29. Qg3 Rxd4 30. Re3 Qxg3+ 31. hxg3 g4 32. Rc8+ Rd8 33.
Rxd8+ Bxd8 34. Re4 h5 35. Re5 Bf6 36. Rxh5 Bxb2 37. Rg5 Kf7 38. Rxg4 Ke6 39.
Rb4 Be5 40. Rxb7 Bd4 41. Rb3 1-0

[Event "Washington Open--Open Section"]
[Site "Lynnwood WA"]
[Date "2017.05.29"]
[Round "6"]
[White "Yu  (WA), Jason"]
[Black "Olson  (WA), Travis"]
[Result "1-0"]
[WhiteElo "1994"]
[BlackElo "1936"]
[PlyCount "53"]
[EventDate "2016.05.28"]
[SourceDate "2017.07.27"]
[SourceVersionDate "2017.07.27"]

1. e4 e6 2. d4 d5 3. Nc3 Nf6 4. Bg5 Be7 5. e5 Nfd7 6. Bxe7 Qxe7 7. f4 a6 8. Nf3
c5 9. Qd2 Nc6 10. dxc5 Qxc5 11. Ne2 b5 12. Ned4 Bb7 13. Be2 Nb6 14. f5 Nxd4 15.
Nxd4 Nc4 16. Bxc4 dxc4 17. O-O-O c3 18. Qg5 Qxe5 19. Nxe6 fxe6 20. Rhe1 Be4 21.
Rxe4 Qxe4 22. Qxg7 Qe3+ 23. Kb1 Qd2 24. Qxh8+ Kf7 25. Qxh7+ Ke8 26. Qh8+ Kf7
27. Qh5+ 1-0

[Event "Washington Open--Open Section"]
[Site "Lynnwood WA"]
[Date "2017.05.28"]
[Round "4"]
[White "Zhang  (WA), Jason"]
[Black "Vijayakumar  (WA), Advaith"]
[Result "1/2-1/2"]
[WhiteElo "1661"]
[BlackElo "1785"]
[PlyCount "68"]
[EventDate "2016.05.28"]
[SourceDate "2017.07.27"]
[SourceVersionDate "2017.07.27"]

1. e4 e6 2. d4 d5 3. e5 c5 4. c3 Nc6 5. Nf3 Qb6 6. a3 c4 7. Nbd2 Bd7 8. Be2
O-O-O 9. Rb1 Na5 10. O-O f6 11. Qe1 Nh6 12. Bd1 Nf7 13. b4 cxb3 14. Nxb3 Nc4
15. Bc2 Qc7 16. Nbd2 Nxa3 17. Bxa3 Bxa3 18. Qe3 Be7 19. Ra1 a6 20. Rfb1 fxe5
21. dxe5 Bc5 22. Qe2 Bc6 23. Bd3 Kd7 24. Nb3 Bb6 25. c4 Ke7 26. Rc1 Qd7 27. Qe1
Ke8 28. Qb4 Ba7 29. Rd1 Qe7 30. c5 Rc8 31. Rdc1 Bb8 32. Qd4 g5 33. Re1 Kf8 34.
Rac1 Kg7 1/2-1/2

[Event "Washington Open--Open Section"]
[Site "Lynnwood WA"]
[Date "2017.05.29"]
[Round "5"]
[White "Vijayakumar  (WA), Advaith"]
[Black "Whale  (WA), Nicholas"]
[Result "1-0"]
[WhiteElo "1785"]
[BlackElo "1533"]
[PlyCount "82"]
[EventDate "2016.05.28"]
[SourceDate "2017.07.27"]
[SourceVersionDate "2017.07.27"]

1. d4 Nf6 2. c4 g6 3. Nc3 Bg7 4. Nf3 O-O 5. Bg5 d6 6. e3 Nbd7 7. Be2 c6 8. Qc2
h6 9. Bh4 Qc7 10. O-O e5 11. Rfd1 g5 12. Bg3 Ne8 13. Bd3 exd4 14. Nxd4 Ne5 15.
Rac1 Nxd3 16. Qxd3 f5 17. Nde2 Be5 18. Bxe5 dxe5 19. Rd2 Be6 20. b3 Qg7 21. f4
gxf4 22. exf4 e4 23. Qe3 Nf6 24. h3 Qe7 25. Rcd1 b6 26. Nd4 Rac8 27. Nce2 c5
28. Nxe6 Qxe6 29. Rd6 Qe7 30. Ng3 Ne8 31. Rxh6 Ng7 32. Rg6 Rf6 33. Rxg7+ Kxg7
34. Nh5+ Kf7 35. Nxf6 Qxf6 36. Qd2 Re8 37. Qd7+ Re7 38. Qd5+ Kg7 39. Qd8 Qf7
40. Qd5 Qf6 41. Qd6 Qf7 1-0

[Event "Washington Open--Open Section"]
[Site "Lynnwood WA"]
[Date "2017.05.29"]
[Round "6"]
[White "Velea  (WA), Sophie"]
[Black "Vijayakumar  (WA), Advaith"]
[Result "1/2-1/2"]
[WhiteElo "1661"]
[BlackElo "1785"]
[PlyCount "90"]
[EventDate "2016.05.28"]
[SourceDate "2017.07.28"]
[SourceVersionDate "2017.07.28"]

1. e4 e6 2. d4 d5 3. Nc3 Nf6 4. exd5 exd5 5. Bd3 c6 6. Nge2 Bd6 7. Bg5 O-O 8.
f3 Re8 9. O-O Nbd7 10. Bf4 Qc7 11. Bxd6 Qxd6 12. a3 b6 13. b4 Bb7 14. Ng3 g6
15. Qd2 Qf8 16. Rfe1 Qg7 17. Rxe8+ Rxe8 18. Re1 Qf8 19. Rxe8 Nxe8 20. Qf4 Nd6
21. Qe3 Qe8 22. Qxe8+ Nxe8 23. Nce2 Nd6 24. a4 Kf8 25. Kf2 Ke7 26. Nf1 Ne8 27.
Ne3 Nc7 28. Ng4 h5 29. Ne5 Nxe5 30. dxe5 Ba6 31. Bxa6 Nxa6 32. c3 c5 33. b5 Nc7
34. Ke3 Ke6 35. f4 f6 36. exf6 Kxf6 37. Nc1 Ne6 38. Nd3 Kf5 39. g3 g5 40. fxg5
Nxg5 41. Nf4 Ke5 42. Nxh5 d4+ 43. cxd4+ cxd4+ 44. Kd3 Ne4 45. Nf4 Nc5+ 1/2-1/2

[Event "Washington Open--Booster Section"]
[Site "Lynnwood WA"]
[Date "2017.05.29"]
[Round "5"]
[White "Vijan  (WA), Dylan"]
[Black "Burgess  (WA), Ryan"]
[Result "0-1"]
[WhiteElo "935"]
[BlackElo "893"]
[PlyCount "118"]
[EventDate "2016.05.28"]
[SourceDate "2017.07.28"]
[SourceVersionDate "2017.07.28"]

1. e4 e6 2. d4 d5 3. Nc3 dxe4 4. Nxe4 Nc6 5. Nf3 Nf6 6. Ng3 Be7 7. Bb5 Bd7 8.
O-O a6 9. Ba4 b5 10. Bb3 Na5 11. c3 Nxb3 12. Qxb3 O-O 13. Bf4 Bc6 14. Ne5 Bd5
15. Qc2 c5 16. Be3 Rc8 17. Rad1 cxd4 18. Bxd4 Qc7 19. Rd3 Bc5 20. Bxc5 Qxc5 21.
b4 Qc7 22. Re1 a5 23. bxa5 Qxa5 24. Re2 Ra8 25. Rdd2 Rfc8 26. Rd3 Qxa2 27. Qxa2
Rxa2 28. Rxa2 Bxa2 29. Nc6 Kf8 30. Rd8+ Rxd8 31. Nxd8 Bd5 32. Nf1 Ke7 33. Ne3
Kxd8 34. Nxd5 Nxd5 35. c4 bxc4 36. Kf1 c3 37. Ke2 c2 38. Kd2 Nb4 39. f4 Ke7 40.
g4 Kf6 41. h4 g6 42. Kc1 h5 43. gxh5 gxh5 44. Kd2 Kf5 45. Kc1 Kxf4 46. Kd2 Kg3
47. Kc1 Kxh4 48. Kd2 Kg3 49. Kc1 h4 50. Kd2 h3 51. Kc1 Nd3+ 52. Kd2 c1=Q+ 53.
Kxd3 Qf4 54. Kc3 Kg4 55. Kd3 h2 56. Ke2 Qg3 57. Kd2 h1=Q 58. Ke2 Qhh2+ 59. Kd1
Qgg1# 0-1

[Event "Washington Open--Reserve Section"]
[Site "Lynnwood WA"]
[Date "2017.05.29"]
[Round "5"]
[White "Yan  (WA), Jeffrey"]
[Black "Smith  (WA), Catherine"]
[Result "1-0"]
[WhiteElo "1776"]
[BlackElo "1508"]
[PlyCount "95"]
[EventDate "2016.05.28"]
[SourceDate "2017.07.31"]
[SourceVersionDate "2017.07.31"]

1. e4 e5 2. Nf3 Nc6 3. d4 exd4 4. Nxd4 Nxd4 5. Qxd4 d6 6. Nc3 Nf6 7. Bg5 Be7 8.
Bd3 h6 9. Bh4 c6 10. h3 O-O 11. g4 Nh7 12. Bxe7 Qxe7 13. f4 Qh4+ 14. Kd2 Qf6
15. Ne2 c5 16. Qxf6 Nxf6 17. Nc3 Bd7 18. Rae1 Bc6 19. Rh2 a6 20. Rhe2 b5 21. e5
dxe5 22. Rxe5 c4 23. Bf5 b4 24. Ne2 Rad8+ 25. Kc1 g6 26. g5 hxg5 27. fxg5 Nh7
28. Bg4 Rfe8 29. Rc5 Bb5 30. Rd1 Rb8 31. Nd4 f6 32. gxf6 Nxf6 33. Be6+ Kg7 34.
Bxc4 Bxc4 35. Rxc4 a5 36. Nc6 Rb5 37. Rf1 Rh5 38. Rcf4 Nd5 39. Rf7+ Kh6 40. Rd1
Re2 41. Rd3 a4 42. Ra7 Nf4 43. Rd8 b3 44. axb3 axb3 45. Nd4 Rh2 46. Rh8+ Kg5
47. Nxb3 Kf6 48. Rf8+ 1-0

[Event "Washington Open--Open Section"]
[Site "Lynnwood WA"]
[Date "2017.05.29"]
[Round "6"]
[White "Perez  (WA), Ignacio"]
[Black "Feng  (WA), Roland"]
[Result "0-1"]
[WhiteElo "2233"]
[BlackElo "2465"]
[PlyCount "106"]
[EventDate "2016.05.28"]
[SourceDate "2017.07.31"]
[SourceVersionDate "2017.07.31"]

1. d4 Nf6 2. c4 e6 3. a3 b6 4. Nc3 Bb7 5. Nf3 d5 6. e3 Nbd7 7. Bd3 Be7 8. O-O
O-O 9. b4 c5 10. bxc5 bxc5 11. cxd5 exd5 12. Rb1 Qc8 13. Bf5 g6 14. Bh3 Qc7 15.
dxc5 Nxc5 16. Nb5 Qd8 17. Bb2 Nfe4 18. Ne5 Bf6 19. f4 a6 20. Nd4 Bc8 21. Bxc8
Rxc8 22. Ng4 Bg7 23. f5 Nd7 24. Ba1 Nc3 25. Bxc3 Rxc3 26. Rb7 h5 27. fxg6 fxg6
28. Rxf8+ Nxf8 29. Qf3 Rc1+ 30. Kf2 Rc7 31. Nc6 Qh4+ 32. g3 Rxb7 33. gxh4 Rf7
34. Ne7+ Rxe7 35. Qxd5+ Rf7+ 36. Ke2 hxg4 37. Qc4 a5 38. Qd5 Nd7 39. Qxa5 Ne5
40. a4 Kh7 41. Qa8 Rc7 42. a5 Rc2+ 43. Kd1 Rxh2 44. a6 g3 45. a7 Ra2 46. h5
Rxa7 47. hxg6+ Kxg6 48. Qxa7 g2 49. Qb6+ Kh5 50. e4 Nf3 51. Qa5+ Kh4 52. Ke2
g1=Q 53. Kxf3 Qd1+ 0-1